000 00947nam a22002177a 4500
999 _c64048
_d64048
003 Ge_BSU
005 20260316142028.0
008 260316s2003 ge ||||| |||| 00| 0 geo d
020 _a9992696965
041 _ageo
080 _a338(479.22) გ-26
100 _aგეგუჩაძე, ქეთევან
_927143
245 _aგლობალიზაცია /
_cქეთევან გეგუჩაძე, ბესიკ ბერიძე; რედ. მ. მჟავანაძე.
264 _aბათუმი :
_bბათუმის უნივერსიტეტი,
_c2003.
300 _a42 გვ.;
_b20 სმ.
504 _aბიბლიოგრ. გვ. 41
653 _aგლობალიზაცია
700 _aბერიძე, ბესიკ
_eავტორი
_9931
700 _a მჟავანაძე, მ.
_eრედაქტორი
_927144
942 _2udc
_cᲬᲘᲒᲜᲘ